Экономическая теория Учебник для бакалавров
Настоящий учебник подготовлен в соответствии с требованиями Федерального интернет-экзамена в сфере профессионального образования. Словарь к курсу и тестирующая программа выставлены на авторском сайте sorit.ru Для студентов бакалавриата обучающихся по направлениям подготовки «Экономика» и «Менеджмент...
Sábháilte in:
| Príomhchruthaitheoir: | |
|---|---|
| Formáid: | Учебник |
| Eagrán: | 4 |
| Sraith: | Учебные издания для бакалавров |
| Rochtain ar líne: | https://znanium.com/catalog/document?id=432288 https://znanium.com/cover/2086/2086368.jpg |
| Clibeanna: |
Cuir clib leis
Níl clibeanna ann, Bí ar an gcéad duine le clib a chur leis an taifead seo!
|
| LEADER | 02158nam0a2200313 i 4500 | ||
|---|---|---|---|
| 001 | RU\infra-m\znanium\bibl\2086368 | ||
| 003 | https://znanium.com/catalog/document?id=432288 | ||
| 005 | 20230714000000.0 | ||
| 010 | |a 978-5-394-05130-2 | ||
| 100 | |a 20230714d2023 m y0rusy0150 ca | ||
| 101 | 0 | |a rus | |
| 102 | |a RU | ||
| 200 | 1 | |a Экономическая теория |e Учебник для бакалавров |e Учебник |f Российский университет транспорта (МИИТ) | |
| 205 | |a 4 | ||
| 210 | 1 | |a Москва |c Издательско-торговая корпорация "Дашков и К" |d 2023 | |
| 215 | |a 390 с. | ||
| 225 | 1 | |a Учебные издания для бакалавров | |
| 330 | |a Настоящий учебник подготовлен в соответствии с требованиями Федерального интернет-экзамена в сфере профессионального образования. Словарь к курсу и тестирующая программа выставлены на авторском сайте sorit.ru Для студентов бакалавриата обучающихся по направлениям подготовки «Экономика» и «Менеджмент». | ||
| 333 | |a ВО - Бакалавриат | ||
| 606 | |a Экономика. Бухгалтерский учет. Финансы |x Общая экономическая теория |2 local | ||
| 608 | |a Учебник |2 local | ||
| 675 | |a 330 |z rus | ||
| 686 | |a 65.01 |2 rubbk | ||
| 686 | |a 38.03.01 |2 okso | ||
| 686 | |a 38.03.02 |2 okso | ||
| 700 | 1 | |a Войтов |b А.Г. |g Александр Георгиевич |p Российский университет транспорта (МИИТ) | |
| 801 | 0 | |a RU |b Общество с ограниченной ответственностью «ЗНАНИУМ» |c 20230713 |2 rusmarc | |
| 856 | 4 | |a znanium.com |m ebs_support@infra-m.ru |n НИЦ ИНФРА-М |u https://znanium.com/catalog/document?id=432288 | |
| 856 | 4 | 1 | |a znanium.com |d /cover/2086 |f 2086368.jpg |q image/jpeg |u https://znanium.com/cover/2086/2086368.jpg |